Health clubs : (Record no. 353585)
[ view plain ]
| 000 -LEADER | |
|---|---|
| fixed length control field | 00739nam a22002417a 4500 |
| 003 - CONTROL NUMBER IDENTIFIER | |
| control field | OSt |
| 005 - DATE AND TIME OF LATEST TRANSACTION | |
| control field | 20180116192412.0 |
| 008 - FIXED-LENGTH DATA ELEMENTS--GENERAL INFORMATION | |
| fixed length control field | 121206t1998 xxu||||| |||| 00| 0 eng d |
| 020 ## - INTERNATIONAL STANDARD BOOK NUMBER | |
| International Standard Book Number | 9780866366434 |
| 020 ## - INTERNATIONAL STANDARD BOOK NUMBER | |
| International Standard Book Number | 0866366431 |
| 040 ## - CATALOGING SOURCE | |
| Transcribing agency | 0 |
| 082 ## - DEWEY DECIMAL CLASSIFICATION NUMBER | |
| Classification number | 725.85 |
| 100 1# - MAIN ENTRY--PERSONAL NAME | |
| Personal name | Fogarty, Kate Hensler |
| 9 (RLIN) | 6083 |
| 245 1# - TITLE STATEMENT | |
| Title | Health clubs : |
| Remainder of title | architecture & design / |
| Statement of responsibility, etc. | Kate Hensler. |
| 250 ## - EDITION STATEMENT | |
| Edition statement | illustrated edition |
| 260 ## - PUBLICATION, DISTRIBUTION, ETC. | |
| Place of publication, distribution, etc. | New York : |
| Name of publisher, distributor, etc. | St. Martin's Press, |
| Date of publication, distribution, etc. | 1998 |
| 300 ## - PHYSICAL DESCRIPTION | |
| Extent | 175 p. : |
| Other physical details | ill; |
| Dimensions | 28 cm. |
| 500 ## - GENERAL NOTE | |
| General note | Illustrated. |
| 650 ## - SUBJECT ADDED ENTRY--TOPICAL TERM | |
| Topical term or geographic name entry element | Physical fitness centers |
| 9 (RLIN) | 6084 |
| 650 ## - SUBJECT ADDED ENTRY--TOPICAL TERM | |
| Topical term or geographic name entry element | Physical fitness centers |
| General subdivision | Design and construction |
| 9 (RLIN) | 6085 |
| 942 ## - ADDED ENTRY ELEMENTS (KOHA) | |
| Source of classification or shelving scheme | |
| Koha item type | Book |
| Withdrawn status | Lost status | Source of classification or shelving scheme | Damaged status | Not for loan | Permanent Location | Current Location | Date acquired | Total Checkouts | Full call number | Barcode | Date last seen | Date last checked out | Cost, replacement price | Price effective from | Koha item type |
|---|---|---|---|---|---|---|---|---|---|---|---|---|---|---|---|
| School of Art Design and Architecture (SADA) | School of Art Design and Architecture (SADA) | 11/20/2012 | 1 | 725.85 FOG 1998 | SADA0001901 | 05/15/2014 | 04/24/2014 | 4032.00 | 12/06/2012 | Book |
